000 00650nam a2200193 a 4500
001 BRCA_2030
005 20190320203637.0
008 310708s1999----mx-a---###---#000-0#spa-#
050 4 _aBL715
_b.G66 1999
100 1 _aGómez Gómez, Víctor J.
_96206
245 1 0 _aDiccionario de mitología griega y romana
_bdioses, mitos y héroes
_cinvestigación y texto Víctor J. Gómez Gómez.
260 _aMéxico
_bGómez Gómez Hnos.
_c1999
300 _a79 p.
_c23 cm.
650 1 4 _aMitología griega
_vDiccionarios
_96207
650 1 4 _aMitología romana
_vDiccionarios
_96208
650 1 4 _aMitología
_vDiccionarios
_96209
902 _aREF
942 _2lcc
_cB
999 _c1796
_d1796